The Lecherous Professor Sexual Harrassment on Campus (Record no. 7654)

MARC details
000 -LEADER
fixed length control field 00489nam a22001457a 4500
003 - CONTROL NUMBER IDENTIFIER
control field NG-AbAUS
008 - FIXED-LENGTH DATA ELEMENTS--GENERAL INFORMATION
fixed length control field 151028b xxu||||| |||| 00| 0 eng d
020 ## - INTERNATIONAL STANDARD BOOK NUMBER
International Standard Book Number 0807031011
082 ## - DEWEY DECIMAL CLASSIFICATION NUMBER
Classification number 570.8
100 ## - MAIN ENTRY--PERSONAL NAME
Personal name Billie Wright Dziech
9 (RLIN) 631
245 ## - TITLE STATEMENT
Title The Lecherous Professor Sexual Harrassment on Campus
Remainder of title The Highly Acclaimed Report on a Shocking Problem-with suggestions for solving it
Statement of responsibility, etc Dziech Billie Wright
260 ## - PUBLICATION, DISTRIBUTION, ETC. (IMPRINT)
Place of publication, distribution, etc Beacon Press
Name of publisher, distributor, etc Boston
Date of publication, distribution, etc 1984
300 ## - PHYSICAL DESCRIPTION
Extent vii,215p
942 ## - ADDED ENTRY ELEMENTS (KOHA)
Source of classification or shelving scheme Dewey Decimal Classification
Item type Book

No items available.